000
00194 a2200097 4500
001
4930
100
_a
Mellors
245
_a
Mechanics & Hydrostatics
260
_a
_b
UTP
_c
090
_c
4114
_d
4114
942
_a
NUST-CAE
_c
M
_c
30395
999
_c
240003
_d
240003